[Event "Daehne Cup Region 16/17 qual V+"]
[Site "Hannover"]
[Date "2017.07.27"]
[Round "5"]
[White "Eckert, Lutz"]
[Black "Meier, Detlef"]
[Result "0-1"]
[WhiteElo "1479"]
[BlackElo "1665"]
[PlyCount "116"]
[EventDate "2017.07.13"]
[EventType "swiss"]
[EventRounds "5"]
[EventCountry "GER"]
[SourceTitle "EXT 2022"]
[Source "ChessBase"]
[SourceDate "2021.10.06"]
[SourceVersion "1"]
[SourceVersionDate "2021.10.06"]
[SourceQuality "1"]

1. d4 d5 2. Nf3 Nf6 3. c4 e6 4. Nc3 Be7 5. Bg5 h6 6. Bh4 0-0 7. e3 b6 8. Bxf6 Bxf6 9. cxd5 exd5 10. Be2 c5 11. 0-0 c4 12. b3 Be6 13. Nd2 cxb3 14. Qxb3 Nc6 15. Bf3 Ne7 16. Rfc1 Qd7 17. Ne2 g5 18. Ng3 Rfc8 19. Be2 Qb7 20. Bd3 Rc7 21. Rxc7 Qxc7 22. Qd1 Rc8 23. Nb3 Qb7 24. Rc1 Rc7 25. Rxc7 Qxc7 26. h3 Bd7 27. Qb1 Qc3 28. Nh5 Bg7 29. Nxg7 Kxg7 30. Qc2 Qxc2 31. Bxc2 Bb5 32. Nd2 Nc6 33. Bb3 Ne7 34. g4 Kf6 35. Nb1 Bc4 36. Nd2 b5 37. f3 Nc6 38. Kf2 Na5 39. e4 Bxb3 40. axb3 Nc6 41. Ke3 Ke6 42. Kd3 a5 43. Kc3 f6 44. Kd3 Ne7 45. Nb1 b4 46. Nd2 Ng6 47. exd5+ Kxd5 48. Nc4 Nf4+ 49. Ke3 Ne6 50. Nb6+ Kd6 51. Nc4+ Kd5 52. Nb6+ Kc6 53. d5+ Kxb6 54. dxe6 Kc6 55. Ke4 Kd6 56. e7 Kxe7 57. Kd4 Kd6 58. Kc4 Kc6 0-1

[Event "Hannover Region-ch"]
[Site "Hannover"]
[Date "2015.01.24"]
[Round "2"]
[White "Meier, Detlef"]
[Black "Kleinschroth, Roland"]
[Result "0-1"]
[WhiteElo "1666"]
[BlackElo "2094"]
[PlyCount "128"]
[EventDate "2015.01.10"]
[EventType "swiss"]
[EventRounds "7"]
[EventCountry "GER"]
[SourceTitle "EXT 2021"]
[Source "ChessBase"]
[SourceDate "2020.10.23"]
[SourceVersion "1"]
[SourceVersionDate "2020.10.23"]
[SourceQuality "1"]

1. c4 e5 2. Nc3 d6 3. d3 g6 4. Nf3 Bg7 5. g3 Ne7 6. Bg2 Nbc6 7. 0-0 h6 8. Bd2 0-0 9. Qc1 Kh7 10. a3 Be6 11. b4 Qd7 12. b5 Nd8 13. e4 Bg4 14. Ne1 Rb8 15. Be3 b6 16. a4 a5 17. bxa6 Ndc6 18. f3 Be6 19. Nb5 Ra8 20. a7 Nc8 21. Rf2 N8xa7 22. Rfa2 Na5 23. Qb2 N7c6 24. Nc2 f5 25. Bd2 Rf7 26. Nb4 fxe4 27. fxe4 Raf8 28. Nxc6 Qxc6 29. Bxa5 bxa5 30. Qc3 Qc5+ 31. Kh1 c6 32. Na3 Bg4 33. Rb2 Bf3 34. Raa2 Qe3 35. Qd2 Bxg2+ 36. Kxg2 Qf3+ 37. Kh3 Qh5+ 38. Kg2 Qf3+ 39. Kh3 Qf1+ 40. Qg2 Qf6 41. Qe2 h5 42. Kg2 Bh6 43. Qf2 Qg5 44. Qe1 h4 45. Rf2 Qg4 46. Rxf7+ Rxf7 47. Rf2 h3+ 48. Kf1 Rb7 49. Qe2 Qg5 50. Qc2 Kg7 51. c5 Qe3 52. cxd6 Qd4 53. Nc4 Qa1+ 54. Ke2 Qd4 55. Rf1 Bg5 56. Rb1 Rf7 57. Rf1 Rb7 58. Rf3 Qa1 59. Rf1 Qd4 60. d7 Rxd7 61. Nxa5 Qe3+ 62. Kd1 Rxd3+ 63. Qxd3 Qxd3+ 64. Ke1 Qd2# 0-1

[Event "Hannover Region-ch"]
[Site "Hannover"]
[Date "2015.01.10"]
[Round "1"]
[White "Chen, Jason"]
[Black "Meier, Detlef"]
[Result "0-1"]
[WhiteElo "933"]
[BlackElo "1666"]
[PlyCount "108"]
[EventDate "2015.01.10"]
[EventType "swiss"]
[EventRounds "7"]
[EventCountry "GER"]
[SourceTitle "EXT 2021"]
[Source "ChessBase"]
[SourceDate "2020.10.23"]
[SourceVersion "1"]
[SourceVersionDate "2020.10.23"]
[SourceQuality "1"]

1. d4 e6 2. c4 d5 3. cxd5 exd5 4. Nc3 Nf6 5. Nf3 Be7 6. g3 0-0 7. Bg2 c6 8. Ne5 Nbd7 9. Bf4 Nh5 10. e3 Nxf4 11. exf4 f6 12. Nd3 Nb6 13. 0-0 Qc7 14. Re1 Re8 15. Qd2 Bf5 16. Be4 Bxe4 17. Nxe4 dxe4 18. Rxe4 Bd6 19. Rae1 Rxe4 20. Rxe4 Nd5 21. Nc5 Bxc5 22. dxc5 Rd8 23. Qe2 Kf7 24. Qh5+ Kf8 25. Qxh7 Qf7 26. g4 Ne7 27. a4 Qg6 28. Qxg6 Nxg6 29. b4 a6 30. f5 Nh4 31. f4 Rd2 32. g5 Rd4 33. Rxd4 Nf3+ 34. Kf2 Nxd4 35. Ke3 Nc2+ 36. Kf3 Nxb4 37. Kg4 Nd3 38. h4 Nxc5 39. h5 Nd7 40. h6 gxh6 41. gxh6 Kg8 42. Kh5 Kh7 43. a5 c5 44. Kg4 c4 45. Kf3 c3 46. Ke2 Nc5 47. Kd1 Kxh6 48. Kc2 Ne4 49. Kd3 Kh5 50. Kxe4 c2 51. Kd5 c1Q 52. Ke6 Qc6+ 53. Kf7 Kh6 54. Kg8 Qe8# 0-1

[Event "Hannover Region-ch"]
[Site "Hannover"]
[Date "2014.02.15"]
[Round "2"]
[White "Meier, Detlef"]
[Black "Schaefer, Thomas"]
[Result "1-0"]
[WhiteElo "1694"]
[BlackElo "1315"]
[PlyCount "55"]
[EventDate "2014.02.01"]
[EventType "swiss"]
[EventRounds "7"]
[EventCountry "GER"]
[SourceTitle "EXT 2021"]
[Source "ChessBase"]
[SourceDate "2020.10.23"]
[SourceVersion "1"]
[SourceVersionDate "2020.10.23"]
[SourceQuality "1"]

1. c4 Nf6 2. Nc3 g6 3. Nf3 Bg7 4. d4 0-0 5. e4 d6 6. Be2 e5 7. dxe5 dxe5 8. 0-0 Nbd7 9. Bg5 h6 10. Bh4 Qe8 11. Nd5 Nxd5 12. cxd5 Nf6 13. Bxf6 Bxf6 14. Qc1 Qe7 15. Qxh6 Bg7 16. Qe3 f5 17. Bc4 Kh8 18. Bd3 f4 19. Qd2 Bg4 20. Be2 Bxf3 21. Bxf3 Bf6 22. Rfc1 Qh7 23. Qc2 Rf7 24. Qb3 b6 25. Rc3 g5 26. Qc2 Rg8 27. Bg4 Rgg7 28. Rh3 1-0

[Event "Hannover Region-ch"]
[Site "Langenhagen"]
[Date "2012.04.28"]
[Round "7"]
[White "Kiesel, Harald"]
[Black "Meier, Detlef"]
[Result "1-0"]
[WhiteElo "2061"]
[BlackElo "1663"]
[PlyCount "73"]
[EventDate "2012.01.14"]
[EventType "swiss"]
[EventRounds "7"]
[EventCountry "GER"]
[SourceTitle "EXT 2021"]
[Source "ChessBase"]
[SourceDate "2020.10.23"]
[SourceVersion "1"]
[SourceVersionDate "2020.10.23"]
[SourceQuality "1"]

1. e4 c5 2. Nf3 Nc6 3. Bb5 a6 4. Bxc6 bxc6 5. d3 d6 6. h3 g6 7. Nbd2 Bg7 8. Nc4 Qc7 9. Bd2 a5 10. Bc3 Bxc3+ 11. bxc3 Ba6 12. Nfd2 d5 13. Ne3 Nf6 14. exd5 cxd5 15. 0-0 0-0 16. f4 e6 17. Qe1 d4 18. cxd4 cxd4 19. Nec4 Nd5 20. Qh4 Ne3 21. Nxe3 dxe3 22. Ne4 Qxc2 23. f5 exf5 24. Rxf5 f6 25. Rc5 Qb2 26. Re1 e2 27. Rc6 Bxd3 28. Nxf6+ Rxf6 29. Rxf6 Qxa2 30. Rd6 Qa3 31. Qd4 Bf5 32. Rxe2 Qc1+ 33. Kh2 Qc7 34. Qd5+ Kf8 35. Qxa8+ Kg7 36. Qd5 a4 37. Qe5+ 1-0